Minnesota Timberwolves: Most Dunks Each Year - Statistics

General Stats
  • This quiz has been taken 307 times
    90 since last reset
  • The average score is 15 of 23
Answer Stats
Year Player Dunks % Correct
2016-2017 Karl-Anthony Towns 130
99%
2017-2018 Karl-Anthony Towns 96
99%
2018-2019 Karl-Anthony Towns 105
99%
2019-2020 Karl-Anthony Towns 38
99%
2022-2023 Rudy Gobert 200
97%
2023-2024 Rudy Gobert 248
97%
2001-2002 Kevin Garnett 87
96%
2002-2003 Kevin Garnett 101
96%
2003-2004 Kevin Garnett 111
96%
2004-2005 Kevin Garnett 86
96%
2005-2006 Kevin Garnett 96
96%
2006-2007 Kevin Garnett 60
96%
2020-2021 Anthony Edwards 70
84%
2011-2012 Kevin Love 39
80%
2014-2015 Andrew Wiggins 79
59%
2015-2016 Andrew Wiggins 84
59%
2007-2008 Al Jefferson 97
27%
2021-2022 Jarred Vanderbilt 117
25%
2013-2014 Corey Brewer 86
16%
2010-2011 Darko Milicic 36
7%
2012-2013 Andrei Kirilenko 79
4%
2008-2009 Rodney Carney 39
3%
2009-2010 Ryan Hollins 60
3%
No matching quizzes found
Score Distribution
Percent of People with Each Score
Percentile by Number Answered
Your Score History
You have not taken this quiz since the last reset